[Event "Thessaloniki/Chalkidiki-chT"]
[Site "Thessaloniki/Chalkidiki"]
[Date "2019.01.13"]
[Round "1.5"]
[White "Batsi, Lida"]
[Black "Iliadou, Anna"]
[Result "1-0"]
[WhiteElo "1462"]
[BlackElo "1085"]
[PlyCount "71"]
[EventDate "2019.01.13"]
[EventType "team-tourn"]
[EventRounds "9"]
[EventCountry "GRE"]
[SourceTitle "EXT 2020"]
[Source "ChessBase"]
[SourceDate "2019.10.17"]
[SourceVersion "1"]
[SourceVersionDate "2019.10.17"]
[SourceQuality "1"]
[WhiteTeam "Thessaloniki SO Sach"]
[BlackTeam "Moudanion"]
[WhiteTeamCountry "GRE"]
[BlackTeamCountry "GRE"]

1. d4 d5 2. Nf3 Nf6 3. Bg5 e6 4. e3 Be7 5. Bd3 0-0 6. h3 Nbd7 7. 0-0 c5 8. c3 a6 9. Nbd2 h6 10. Bf4 b5 11. Rc1 Bb7 12. Bb1 Rc8 13. Re1 cxd4 14. cxd4 Rxc1 15. Qxc1 Qc8 16. a3 Ne4 17. Nxe4 dxe4 18. Nd2 f5 19. Ba2 Bd5 20. Bxd5 exd5 21. Qb1 Rf6 22. b4 Nb6 23. Nb3 Rc6 24. Nc5 Nc4 25. Qa2 Qd8 26. a4 Bg5 27. axb5 axb5 28. Ra1 Kh7 29. Qa7 Bxf4 30. exf4 Rg6 31. Qd7 Qxd7 32. Nxd7 e3 33. Ne5 exf2+ 34. Kxf2 Nd2 35. Nxg6 Kxg6 36. Ra5 1-0